00372 a2200121 4500001001000000005001700010008004100027245007600068100001800144700002500162773004600187999001700233ART_5525120260410162048.0260409a 10aLa tortuosa vida del agente de recaudación en la Republica Argentina:1 aStok, Leandro1 aAtchabahian, Abel A.0 tImpuestosg- N°113 (dic. 2021)wREV45175 c35495d35495